Phileine chiede scusa /

Saved in:
Bibliografiske detaljer
Hovedforfatter: Giphart, Ronald (Author)
Andre forfattere: Corda, Alessandra, Di Palermo, Claudia
Format: Bog
Sprog:italiensk
Udgivet: Roma : Fazi, 2002
Serier:Le strade ; 51
Tags: Tilføj Tag
Ingen Tags, Vær først til at tagge denne postø!

MARC

LEADER 00000nam a22000007i 4500
001 IT\ICCU\LO1\0607546
003 ItRI
005 20260115231939.0
008 020418s2002 it |||||| ||||| |||||c
020 |a 8881123134 
040 |b ita  |c importazione bologna sebina 
041 7 |a ita  |2 ISO-639-2 
100 1 |a Giphart, Ronald  |0 IT\ICCU\LO1V\208404  |4 aut 
240 1 0 |a Phileine zegt sorry.  |3 IT\ICCU\LO1\0607547  |9 Giphart, Ronald 
245 1 0 |a Phileine chiede scusa /  |c Ronald Giphart ; traduzione di Claudia Di Palermo e Alessandra Corda. 
260 |a Roma :  |b Fazi,  |c 2002 
300 |a 237 p. ;  |c 22 cm. 
700 1 |a Corda, Alessandra  |0 IT\ICCU\VIAV\102647 
700 1 |a Di Palermo, Claudia  |0 IT\ICCU\RAVV\226358 
830 3 |a Le strade ;  |v 51  |0 IT\ICCU\LO1\0422396 
942 |2 ddc  |c BK  |n 0 
952 |0 0  |1 0  |4 0  |6 DOC_839_313000000000000_GIP  |7 0  |9 17476  |a BO  |b BO  |d 2026-01-15  |i 14270  |l 0  |o DOC 839.313 GIP  |p BO14270  |r 2026-01-15 23:19:39  |w 2026-01-15  |x [Sebina 5] [1 v.]  |y BK  |z 1 v. 
999 |c 14907  |d 14907